| 000 | 00776nam a22002057a 4500 | ||
|---|---|---|---|
| 999 |
_c16377 _d16377 |
||
| 003 | AR-CdUCM | ||
| 008 | 190503b ||||| |||| 00| 0 spa d | ||
| 040 |
_aMUNICIPALIDAD PROVINCIAL DEL CUSCO _cBIBLIOTECA MUNICIPAL DEL CUSCO |
||
| 082 |
_a910.4 / _bA33 |
||
| 100 |
_aAlcala Zamora, Niceto _935789 |
||
| 245 |
_a441 dias... : _bun viaje azaroso desde Francia a la Argentina / |
||
| 260 |
_aBuenos Aires : _bSopena, _c1942. |
||
| 300 |
_a158 páginas ; _c20 cm. |
||
| 505 | _aContenido: A modo de prólogo -- Las desdichas del Alsina -- La babel de un pasaje -- La república de emigrantes -- Como se frustró el viaje... | ||
| 650 |
_aCostas de España _935790 |
||
| 650 |
_aArgentina _9511 |
||
| 650 |
_aFrancia _91444 |
||
| 942 |
_2ddc _cLIBROS |
||
| 945 |
_adavv _d03/05/2019 |
||